Normal view MARC view

Entry Uniform Title

Number of records used in: 1

001 - CONTROL NUMBER

  • control field: 32734

003 - CONTROL NUMBER IDENTIFIER

  • control field: dpl

005 - DATE AND TIME OF LATEST TRANSACTION

  • control field: 20110812112441.0

008 - FIXED-LENGTH DATA ELEMENTS

  • fixed length control field: 110812|||a|||||| | ||| d

040 ## - CATALOGING SOURCE

  • Original cataloging agency: dpl
  • Transcribing agency: dpl

130 ## - HEADING--UNIFORM TITLE

  • Uniform title: The masterpiece library of Islam
  • Form subdivision: 3

670 ## - SOURCE DATA FOUND

  • Source citation: Work cat.: (dpl)55330: Lammens, H. 1862-1937. 32733, Islam: beliefs and institutions,, 2002.

670 ## - SOURCE DATA FOUND

  • Source citation: Work cat.: (dpl)55330: Lammens, H. 1862-1937. 32733, Islam: beliefs and institutions,, 2002.

© Delhi Public Library
Hit Counter
free hit counter